Most Populous Cities of Greenland - Statistics

General Stats
  • This quiz has been taken 68 times
  • The average score is 3 of 10
Answer Stats
# Municipalty Population City % Correct
1 Sermersooq 16,464 Nuuk
100%
2 Qeqqata 5,598 Sisimiut
32%
4 Kujalleq 3,229 Qaqortoq
29%
3 Qaasuitsup 4,541 Ilulissat
27%
8 Sermersooq 1,515 Paamiut
22%
5 Qaasuitsup 3,142 Aasiaat
20%
9 Kujalleq 1,503 Narsaq
20%
6 Qeqqata 2,670 Maniitsoq
19%
10 Kujalleq 1,337 Nanortalik
17%
7 Sermersooq 2,017 Tasiilaq
15%
No matching quizzes found
Score Distribution
Percent of People with Each Score
Percentile by Number Answered
Your Score History
You have not taken this quiz